| 000 | 00000nam##2200000za#4500 |
| 001 | 9.662396 |
| 003 | CaOODSP |
| 005 | 20220818080254 |
| 007 | ta |
| 008 | 150407|2000||||xxc||||| f|0| 0 fre|d |
| 020 | |a0-662-65406-4 |
| 040 | |aCaOODSP|bfre |
| 041 | |aeng |
| 041 | |afre |
| 043 | |an-cn--- |
| 086 | 1 |aIP34-7/2000 |
| 110 | 2 |aCommissariat à la protection de la vie privée du Canada. |
| 245 | 10|aProtection des renseignements personnels : vos responsabilités : la Loi sur la protection des renseignements personnels et les documents électroniques du Canada : |bguide à l'intention des entreprises et des organisations |
| 260 | |aOttawa - Ontario : |bCommissariat à la protection de la vie privée du Canada |c2000. |
| 300 | |aTexte français, ii, 30p. ; |c28 cm. |
| 546 | |aBilingue |
| 563 | |aCouverture souple |
| 590 | |a02-06|b2002-02-08 |
| 691 | 07|aDocument électronique|2gcpds |
| 691 | 07|aAccès à l'information|2gcpds |
| 691 | 07|aVie privée|2gcpds |
| 776 | 0#|tYour privacy responsibilities : |w(CaOODSP)9.695779 |
| 776 | 0#|tProtection des renseignements personnels - vos responsabilités : |w(CaOODSP)9.639900 |
| 791 | |tYour privacy responsibilities: Canada's Personal Information Protection and Electronic Documents Act : |eeng|w(CaOODSP)9.662395 |